000 00366nam a2200133Ia 4500
008 230917s9999||||xx |||||||||||||| ||und||
040 _e184394
_aMAIN
041 _aEnglish
082 _a34:331 E71E
245 4 _aThe employees provident funds and miscellaneous provision act, 1952
260 _aAllahabad
_bCentral law Agency
_c1990
300 _a42 p.
942 _cBK
999 _c67741
_d67741